000 00389pab a2200169 454500
008 180718b2009 xxu||||| |||| 00| 0 eng d
100 _aChandra, N.D.R.
245 _aEnvironment, development and population
260 _c2009
300 _ap.4-7.
362 _a21 Sep
650 _aPopulation
650 _aEnvironment
773 _aUniversity News
908 _aN
909 _a83962
999 _c83962
_d83962